Ο ρόλος της μουσικής στη διαμόρφωση των χαρακτήρων στο εφηβικό μυθιστόρημα : διπλωματική εργασία [μεταπτυχικαή εργασία]

Αποθηκεύτηκε σε:
Λεπτομέρειες βιβλιογραφικής εγγραφής
Κύριος συγγραφέας: Χύμα, Ευαγγελία Β.
Συγγραφή απο Οργανισμό/Αρχή: Πανεπιστήμιο Αιγαίου Σχολή Ανθρωπιστικών Επιστημών Τμήμα Επιστημών της Προσχολικής Αγωγής και του Εκπαιδευτικού Σχεδιασμού Μεταπτυχιακό Πρόγραμμα Σπουδών Παιδικό Βιβλίο και Παιδαγωγικό Υλικό
Άλλοι συγγραφείς: Αναγνωστοπούλου, Διαμάντη (Εισηγητής διατριβής)
Μορφή: Thesis Βιβλίο
Γλώσσα:Greek
Δημοσίευση: 2014
Θέματα:
Διαθέσιμο Online:http://hdl.handle.net/11610/13689
Ετικέτες: Προσθήκη ετικέτας
Δεν υπάρχουν, Καταχωρήστε ετικέτα πρώτοι!

MARC

LEADER 00000cam a2200000 i 4500
001 1/62990
008 150112s2014 gre d
035 |l 10120332 
040 |a GR-MY-UA  |b gre  |e aacr 
041 0 |a gre 
082 0 |a 780.08  |2 (22) 
100 1 |a Χύμα, Ευαγγελία Β. 
245 1 2 |a Ο ρόλος της μουσικής στη διαμόρφωση των χαρακτήρων στο εφηβικό μυθιστόρημα :  |b διπλωματική εργασία [μεταπτυχικαή εργασία] /  |c Ευαγγελία Β. Χύμα ; επιβλέπουσα: Διαμάντη Αναγνωστοπούλου 
260 |c 2014 
300 |a 127 σ.;  |c 30 εκ. 
500 |a Μέλη εξεταστικής επιτροπής: Ιωάννης Παπαδάτος, Μαρία Γκασούκα 
502 |a Διατριβή (μεταπτυχιακή) – Πανεπιστήμιο Αιγαίου, Ρόδος, 2014. 
504 |a Βιβλιογραφία: σ. 117-122 
650 0 0 |a Music. 
650 0 0 |a Children's literature  |x History and criticism. 
650 0 0 |a Music and literature. 
650 0 0 |a Music  |x Physiological aspects. 
650 0 0 |a Dissertations, Academic  |z Greece. 
700 1 |a Αναγνωστοπούλου, Διαμάντη.  |4 ths 
710 1 |a Πανεπιστήμιο Αιγαίου   |b Σχολή Ανθρωπιστικών Επιστημών   |b Τμήμα Επιστημών της Προσχολικής Αγωγής και του Εκπαιδευτικού Σχεδιασμού   |b Μεταπτυχιακό Πρόγραμμα Σπουδών Παιδικό Βιβλίο και Παιδαγωγικό Υλικό. 
852 |a INST  |b RHODES  |c DIATR  |e 20150112  |h 780.08 ΧΥΜ  |p 005400037403  |q 005400037403  |t MTXE  |y 23 
852 |a INST  |b RHODES  |c DIATR  |e 20150112  |h 780.08 ΧΥΜ  |p 005400037404  |q 005400037404  |t MTXE  |y 23 
856 |u http://hdl.handle.net/11610/13689 
901 |a BIBL4-2015-1 
909 |a Ρ  |b 183724 
909 |a Ρ  |b 183725 
924 |a ΧΥΜΑ  |b ΕΥΑΓΓΕΛΙΑ Β.  |y ΡΟΔΟΣ  |z 2014-12 
970 |z 2015/01/12